000 00661nam a2200229Ii 4500
003 JO-AjNU
005 20260414060533.0
008 230606s9999||||xx |||||||||||||| ||und||
017 _a2015/11/5667
040 _aJO-AjNU
_beng
_erda
_cJO-AjNU
041 _aeng
050 1 4 _aDS153.3.2012
100 3 _aHattab, Sultan,
_eauthor
_95264
245 0 0 _aمخرج/بموجب مستند اخراجات الكتب رقم70
264 3 1 _aAmman: Dar Aluroba ,2015
300 _a264p
336 _atext
_btxt
_2rdacontent
337 _aunmediated
_bn
_2rdamedia
338 _avolume
_bnc
_2rdacarrier
650 4 _aDescriptors-- Mosques-jordan
_95265
942 _2lcc
_cREF
999 _c2718
_d2718